Sprites of Link in The Legend of Zelda - Statistics

General Stats
  • This quiz has been taken 22 times
  • The average score is 15 of 17
Answer Stats
Picture Answer % Correct
The Wind Waker
100%
A Link Between Worlds
94%
Breath of the Wild | Tears of the Kingdom
94%
Ocarina of Time
94%
The Adventure of Link
94%
The Legend of Zelda
94%
Four Swords | The Minish Cap | Four Swords Adventures
89%
Majora's Mask
89%
Phantom Hourglass
89%
Skyward Sword
89%
Spirit Tracks
89%
Twilight Princess
89%
A Link to the Past
83%
Link's Awakening
83%
Oracle of Ages | Oracle of Seasons
83%
Echoes of Wisdom
78%
Tri Force Heroes
61%
No matching quizzes found
Score Distribution
Percent of People with Each Score
Percentile by Number Answered
Your Score History
You have not taken this quiz